12 Biggest Cities in Brazil (with a map) - Statistics

General Stats
  • This quiz has been taken 36 times
  • The average score is 9 of 12
Answers on the Map
Answers color-coded by a green-red scale on the quiz's map according to % correct below.
 
Answer Stats
Population City % Correct
6,747,815 Rio de Janeiro
100%
3,055,149 Brasília
97%
12,325,232 São Paulo
97%
2,219,580 Manaus
90%
1,653,461 Recife
86%
1,499,641 Belém
83%
2,521,564 Belo Horizonte
79%
2,886,698 Salvador
76%
2,686,612 Fortaleza
72%
1,488,252 Porto Alegre
72%
1,948,626 Curitiba
55%
1,536,097 Goiânia
38%
No matching quizzes found
Score Distribution
Percent of People with Each Score
Percentile by Number Answered
Your Score History
You have not taken this quiz